| 000 | 00651nam a2200205 i 4500 | ||
|---|---|---|---|
| 001 | bgj | ||
| 100 | 1 | _aPETZOLDT, Richard. | |
| 245 | 1 | 0 |
_aWolfgang Amadeus Mozart : _bsein Leben in Bildern / _cDas Mozarbild in Musik- und Zeitgeschichte von Richard Petzoldt ; Bildbiographie von Eduard Crass. |
| 260 |
_aLepizig : _bVEB Bibliographisches Institut, _c1956. |
||
| 300 |
_a59, [72] s. : _bil. ; _c19 cm. |
||
| 650 | 9 | _aSztuka | |
| 740 | 1 | _aDas |Mozartbild in Musik- und Zeitgeschichte. | |
| 740 | 1 | _aBildbiographie. | |
| 040 | _cBPK | ||
| 041 | 0 | _ager | |
| 044 | _aDEU | ||
| 080 | _a7 | ||
| 942 | _cKS | ||
| 008 | s gw f |000 0 ger | ||
| 999 |
_c49984 _d49984 |
||
| 856 |
_uhttp://koha.tu.koszalin.pl/cgi-bin/koha/opac-detail.pl?biblionumber=49984 _yKatalog online BPK |
||